The architecture of Robert and James Adam: 1754-1794
Gorde:
| Egile nagusia: | |
|---|---|
| Formatua: | Liburua |
| Hizkuntza: | ingelesa |
| Argitaratua: |
Londres
The Offices of Country Life
1922
|
| Gaiak: | |
| Etiketak: |
Etiketa erantsi
Etiketarik gabe, Izan zaitez lehena erregistro honi etiketa jartzen!
|
MARC
| LEADER | 00000nam a2200000 a 4500 | ||
|---|---|---|---|
| 001 | UCY4725 | ||
| 003 | CL-VaPUC | ||
| 008 | 950328e19220000UK |||||||||||||||||eng|d | ||
| 082 | 0 | 4 | |a 724.1 |b BOL |2 21 |
| 100 | 0 | |a Bolton, Arthur T |e author |9 333203 | |
| 245 | 1 | 4 | |a The architecture of Robert and James Adam: 1754-1794 |
| 300 | |a 2 v | ||
| 942 | |c BK | ||
| 945 | |d 19950328 00:00:00 |a mfernand | ||
| 260 | |a Londres |b The Offices of Country Life |c 1922 | ||
| 650 | 0 | |a Arquitectura moderna |9 265021 | |
| 650 | 7 | |a DISEÑOS Y PLANOS SIGLO 18 |2 CL-VaPUC |9 333204 | |
| 651 | 0 | |a Gran Bretaña |9 256767 | |
| 583 | |a last modification |c 19950328 00:00:00 |k Rodrigo Vera | ||
| 999 | |c 232498 |d 232496 | ||
| 952 | |0 0 |1 0 |4 0 |6 724_100000000000000_BOL_1922 |7 0 |8 P |9 237139 |a BIBARQ |b BIBARQ |d 2019-11-15 |h v.2 |i 3071855 |o 724.1 BOL 1922 |p 3071855 |r 2025-01-20 |w 2019-11-15 |y BK |k ARQ | ||